Caste system and social evils (Record no. 10716)

MARC details
000 -LEADER
fixed length control field 00539cam a2200205ua 4500
001 - CONTROL NUMBER
control field 11941
005 - DATE AND TIME OF LATEST TRANSACTION
control field 20260515114822.0
008 - FIXED-LENGTH DATA ELEMENTS--GENERAL INFORMATION
fixed length control field 191204n ii |||gr||||Z||||||eng
020 ## - INTERNATIONAL STANDARD BOOK NUMBER
International Standard Book Number 9788184555318
040 ## - CATALOGING SOURCE
Transcribing agency MAIN
082 ## - DEWEY DECIMAL CLASSIFICATION NUMBER
Classification number 362.10954
100 ## - MAIN ENTRY--PERSONAL NAME
Personal name Rajesh Rajan,
Relator term Editor.
245 ## - TITLE STATEMENT
Title Caste system and social evils
Statement of responsibility, etc. Edited by Rajesh Rajan
250 ## - EDITION STATEMENT
Edition statement 1st ed.
260 ## - PUBLICATION, DISTRIBUTION, ETC.
Place of publication, distribution, etc. New Delhi:
Name of publisher, distributor, etc. Omega Publications,
Date of publication, distribution, etc. 2014.
300 ## - PHYSICAL DESCRIPTION
Extent 288p.
653 ## - INDEX TERM--UNCONTROLLED
Uncontrolled term Social welfare problems & services
653 ## - INDEX TERM--UNCONTROLLED
Uncontrolled term Caste system
942 ## - ADDED ENTRY ELEMENTS (KOHA)
Koha item type Books
Holdings
Withdrawn status Lost status Damaged status Not for loan Home library Current library Shelving location Date acquired Total checkouts Full call number Barcode Date last seen Copy number Price effective from Koha item type
        Naharkatiya College Library Naharkatiya College Library General stacks 09/19/2020   362.10954Sociology | CAS 24829 09/19/2020 1 09/19/2020 Books